00675nam a2200205Ia 450000500170000000800410001702000180005804000180007604100080009408200240010210000230012624501010014925000120025026000550026230000290031765000280034665000340037465000390040870000220044720241007161100.0210716s2010 xx 000 0 und d a9788120311411 cAIMIT LIBRARY aeng a382.0954 21b SUNA aSundaram, Anant K. aInternational business environment :btext and cases /cBy Anant K Sundaram and J Stewart Black. a1st ed. aNew Delhi :bPHI Learning private limited ,c2010. axvii,347p. ;bPBc29 cm. aForces of globalization aForeign exchange : the basics aExchange rates : economic exposure aBlack, J Stewart.